00835cam a22002291 4500001001300000003000400013005001700017008004100034010001700075035001900092040001900111042001200130050001600142100002900158245013100187260002900318300001900347500014900366500003800515651003500553999001700588f 01001055 DLC20260227111239.0790824s1854 fr 000 1 fre  af 01001055  a(OCoLC)5309145 aDLCcCU-SdDLC apremarc00aDS709b.H831 aHounau, Joachim,d1824?-10aVoyage en Chine du capitaine Montfortbavec un appendice historique sur les derniers événementscpar Georges Bell [pseud.] aParis,bV. Lecou,c1854. a360 p.c19 cm. aImaginary voyage? Dedication signed "Montfort", and the "Voyage en Chine" written (in the first person) apparently by him (a fictitious person?) a"Appendice" signed: Georges Bell. 0aChinaxDescription and travel. c22519d22519